00477nam a22001697a 450000500170000001000150001702000270003203500140005903700130007308200130008610000140009924500500011326000400016327000410020330000230024450000400026720180110152718.0 aENG-122018 a9789384984090c1000.00 aEN-105550 bDBAB/PUB a929.8154 aPal, Shiv aRajiv gandhi khel ratna awards /cby Shiv Pal aNew DelhibHomage Publicationc2016 a198, Site-1, Vikaspuri New Delhi- 18 av, 240p.b23cm(Hb) aincludes Bibliographical references